| 000 | 00724nam a22002297a 4500 | ||
|---|---|---|---|
| 003 | UA-OsUOA | ||
| 001 | 51240 | ||
| 007 | ta | ||
| 008 | 20140828b un ||||| |||| 00| 0 ukr d | ||
| 090 |
_a082 _bП78 |
||
| 942 | _cBK | ||
| 040 |
_aUA-OsUOA _bukr _cUA-OsUOA _dUA-OsUOA |
||
| 245 |
_aПроблеми слов'янознавства _bміжвідомчий науковий збірник _cВипуск 46 |
||
| 300 | _a181 с. | ||
| 955 | _a1 | ||
| 041 | _aukr | ||
| 080 | _a082 | ||
| 260 |
_aЛьвів _bСвіт _c1994 |
||
| 650 | 7 |
_a08 Видання. Колективні праці _2UDC |
|
| 999 |
_c431374 _d431374 |
||